000 006410000a22002170004500
003 LK-CoMWRAF
005 20231102154754.0
008 230817t2004 ||||| |||| 00| 0 eng d
020 _a8178293196
040 _aLK-CoMWRAF
_dLK-CoMWRAF
_eLK-CoMWRAF
041 _aeng
082 _a820.9
_bSIL
100 _aSilva, Neluka
245 _aThe Gendered Nation:
_bContemporary Writings from South Asia
260 _aNew Delhi:
_bSage,
_c2004
300 _a256 p. ; 23 cm.
650 _aSOUTH ASIAN LITERATURE(ENGLISH)-History and criticism
650 _a Nationalism in literature.
650 _aGender identity in literature
942 _cBK
999 _c3097
_d3097